CHP Demokratik tüzük çalışması (Record no. 11766)
[ view plain ]
| 000 -BAŞLIK | |
|---|---|
| Sabit Uzunlukta Kontrol Alanı | 01036na a2200349 4500 |
| 001 - KONTROL NUMARASI | |
| Denetim Alanı | 24596 |
| 003 - KONTROL NUMARASI IDENTIFIER | |
| Denetim Alanı | MIRAKIL |
| 005 - SON İŞLEM TARİHİ VE ZAMANI | |
| Denetim Alanı | 20181226104233.0 |
| 008 - SABİT-BOY VERİ ELEMANLARI - GENEL BİLGİLER | |
| Sabit Uzunlukta Kontrol Alanı | 181214b tu 000 0 |
| 035 ## - SİSTEM KONTROL NUMARASI | |
| Sistem Kontrol Numarası | 20035 |
| 041 ## - DİL KODU | |
| Metin / Ses Parça Veya Ayrı Başlığın Dil Kodu | tur |
| 082 ## - DEWEY ONLU SINIFLANDIRMA NUMARASI | |
| Sınıflandırma Numarası | 324.2372 |
| Ürün Numarası | C36t 2010 |
| 090 ## - SINIFLAMA NUMARASI | |
| Sınıflama Numarası | 324.2372 C36t 2010 |
| 110 ## - ANA GİRİŞ - KURUMSAL ADI | |
| Giriş Elemanı Olarak Kurumsal Ad Veya Yargı Alanı Adı | Cumhuriyet Halk Partisi (CHP) |
| 222 ## - ANAHTAR ADI | |
| Anahtar Başlık | Tüzükler |
| 245 ## - BAŞLIK TABLOSU | |
| Başlık | CHP Demokratik tüzük çalışması |
| Sorumluluk Tablosu, Vb | CHP |
| 246 ## - UNVAN FORM VARYING | |
| Başlık Doğru / Kısa Başlığı | CHP tüzüğü |
| 246 ## - UNVAN FORM VARYING | |
| Başlık Doğru / Kısa Başlığı | CHP 2010 tüzüğü |
| 246 ## - UNVAN FORM VARYING | |
| Başlık Doğru / Kısa Başlığı | Cumhuriyet Halk Partisi tüzüğü |
| 260 ## - YAYIN, DAĞITIM, VB | |
| Yayın, Dağıtım, Vb Yeri | Ankara |
| Yayıncı, Dağıtıcı, Vs Adı | CHP |
| Yayın, Dağıtım, Vb Tarihi | 2010 |
| 300 ## - FİZİKSEL TANIM | |
| Kapsam | 119 s. |
| Boyutlar | 20 sm. |
| 440 ## - SERİSİ TABLOSU / KATMA GİRİŞİ - BAŞLIK | |
| Başlık | Cumhuriyet Halk Partisi yayınları |
| 610 ## - KONU KATMA GİRİŞ - TOPLANTI ADI | |
| Giriş Elemanı Olarak Kurumsal Ad Veya Yargı Alanı Adı | Cumhuriyet Halk Partisi (CHP) |
| Genel Alt Bölüm | Tüzükler, 2010 |
| 610 ## - KONU KATMA GİRİŞ - TOPLANTI ADI | |
| Giriş Elemanı Olarak Kurumsal Ad Veya Yargı Alanı Adı | Cumhuriyet Halk Partisi (CHP) |
| Genel Alt Bölüm | Kurultaylar, 2010 |
| 651 ## - KONU KATMA GİRİŞ - COĞRAFİ ADI | |
| Coğrafi İsim | Türkiye |
| Genel Alt Bölümü | Siyaset ve yönetim |
| Kronolojik Alt Bölümü | 2010-2012 |
| 830 ## - SERİSİ EKLENDİ GİRİŞ - ÜNİFORM ADI | |
| Üniforma Başlık | CHP tüzükleri |
| 942 ## - EKLENDİ GİRİŞ ELEMANLARI (KOHA) | |
| Sınıflandırma Veya Raf Düzeni Kaynak | Dewey Decimal Classification |
| Koha Öğesi Türü | Books |
| 040 ## - KATALOGLAMA KAYNAK | |
| Orijinal Kataloglama Ajansı | Milas |
| Kataloglama Dili | tur |
| Metne Dönüştürmek Ajansı | TR-AnCHP |
| 999 ## - SİSTEM KONTROL NUMARALARI (KOHA) | |
| Koha Biblionumber | 11766 |
| Koha Biblioitemnumber | 11766 |
| 657 ## - INDEX SÜRE - İŞLEVİ | |
| -- | CHP tüzükleri |
| 657 ## - INDEX SÜRE - İŞLEVİ | |
| -- | CHP 2010 tüzüğü |
| 657 ## - INDEX SÜRE - İŞLEVİ | |
| -- | CHP 33. kurultay |
| Kalıcı Konum | Mevcut Konum | Edinme Tarihi | Toplam Check-Out'Lar | Tam Çağrı Numarası | Barkod | Tarih Son Görülme | İtibaren Geçerli Fiyatlar | Koha Öğesi Türü |
|---|---|---|---|---|---|---|---|---|
| Parti Okulu Kütüphanesi | Parti Okulu Kütüphanesi | 02/25/2019 | 324.2372 C36t 2010 | P00329 | 02/25/2019 | 02/25/2019 | Books |
